000 00371 a2200157 4500
001 151824
040 _cEscola São Tomás de Aquino
100 _aLAURITO, Ilka Brunhilde
240 1 0 _aA menina que fez a américa
_lpor
245 1 0 _aA menina que fez a américa
300 _a111
362 0 _a2002
440 1 _aFTD
697 _a*LITERATURA JUVENIL
942 _cBK
999 _c151824
_d151824